| 000 | 00452nam a2200169 a 4500 | ||
|---|---|---|---|
| 001 | 5094 | ||
| 003 | CDMR | ||
| 005 | 20131001104811.0 | ||
| 008 | 130130s1962||||||||||||||||||||||||||||d | ||
| 040 |
_aCDMR _bcat _cCDMR |
||
| 245 | 3 | _aLa televisión y la enseñanza superior | |
| 260 |
_aMadrid _c1962 _bPublicaciones españolas |
||
| 300 |
_a215 p ; _c21 cm |
||
| 490 | 0 | _aHombre y ambiente | |
| 650 | 0 | 4 |
_92782 _aTelevisió en l'ensenyament |
| 942 |
_cMON _2udc |
||
| 999 |
_c5094 _d5094 |
||